<?xml version="1.0" encoding="UTF-8"?>
<record
    xmlns:xsi="http://www.w3.org/2001/XMLSchema-instance"
    xsi:schemaLocation="http://www.loc.gov/MARC21/slim http://www.loc.gov/standards/marcxml/schema/MARC21slim.xsd"
    xmlns="http://www.loc.gov/MARC21/slim">

  <leader>01138nam a22002537a 4500</leader>
  <controlfield tag="005">20240925145510.0</controlfield>
  <controlfield tag="008">211028b           ||||| |||| 00| 0 eng d</controlfield>
  <datafield tag="040" ind1=" " ind2=" ">
    <subfield code="c">AL</subfield>
  </datafield>
  <datafield tag="041" ind1=" " ind2=" ">
    <subfield code="a">eng</subfield>
  </datafield>
  <datafield tag="082" ind1=" " ind2=" ">
    <subfield code="2">23</subfield>
    <subfield code="a">954.035</subfield>
    <subfield code="b">DURC</subfield>
  </datafield>
  <datafield tag="100" ind1=" " ind2=" ">
    <subfield code="a">Will Durant</subfield>
    <subfield code="9">5493</subfield>
  </datafield>
  <datafield tag="245" ind1=" " ind2=" ">
    <subfield code="a">Case for India</subfield>
  </datafield>
  <datafield tag="260" ind1=" " ind2=" ">
    <subfield code="a">Mumbai</subfield>
    <subfield code="b">Strand Book Stall</subfield>
    <subfield code="c">2007</subfield>
  </datafield>
  <datafield tag="300" ind1=" " ind2=" ">
    <subfield code="a">xi,164 p.</subfield>
    <subfield code="b">HB</subfield>
    <subfield code="c">22x14 cm.</subfield>
  </datafield>
  <datafield tag="365" ind1=" " ind2=" ">
    <subfield code="b">250.00</subfield>
    <subfield code="c">&#x20B9;</subfield>
    <subfield code="d">250.00</subfield>
  </datafield>
  <datafield tag="520" ind1=" " ind2=" ">
    <subfield code="a">The Title 'The Case For India written/authored/edited by Will Durant', published in the year 2017. The ISBN 9788121290357 is assigned to the Paperback version of this title. This book has total of pp. 239 (Pages). The publisher of this title is Gyan Publishing House. This Book is in English. The subject of this book is History. Size of the book is 13.34 x 21.59 cms Vol:- . .POD</subfield>
    <subfield code="u">https://www.vifindia.org/sites/default/files/139221701-The-Case-for-India-1930.pdf</subfield>
  </datafield>
  <datafield tag="650" ind1=" " ind2=" ">
    <subfield code="a">Indian History</subfield>
    <subfield code="9">5494</subfield>
  </datafield>
  <datafield tag="650" ind1=" " ind2=" ">
    <subfield code="a">Caste System</subfield>
    <subfield code="9">5495</subfield>
  </datafield>
  <datafield tag="650" ind1=" " ind2=" ">
    <subfield code="a">British Colonies</subfield>
    <subfield code="9">5496</subfield>
  </datafield>
  <datafield tag="650" ind1=" " ind2=" ">
    <subfield code="a">Economic Destruction</subfield>
    <subfield code="9">5497</subfield>
  </datafield>
  <datafield tag="650" ind1=" " ind2=" ">
    <subfield code="a">Social Destruction</subfield>
    <subfield code="9">5498</subfield>
  </datafield>
  <datafield tag="700" ind1=" " ind2=" ">
    <subfield code="a">DURANT (Will)</subfield>
    <subfield code="9">5499</subfield>
  </datafield>
  <datafield tag="942" ind1=" " ind2=" ">
    <subfield code="2">ddc</subfield>
    <subfield code="c">GF</subfield>
  </datafield>
  <datafield tag="999" ind1=" " ind2=" ">
    <subfield code="c">217924</subfield>
    <subfield code="d">217924</subfield>
  </datafield>
  <datafield tag="952" ind1=" " ind2=" ">
    <subfield code="0">0</subfield>
    <subfield code="1">0</subfield>
    <subfield code="2">ddc</subfield>
    <subfield code="4">0</subfield>
    <subfield code="7">0</subfield>
    <subfield code="8">HIS</subfield>
    <subfield code="a">AL</subfield>
    <subfield code="b">AL</subfield>
    <subfield code="d">2013-03-24</subfield>
    <subfield code="l">0</subfield>
    <subfield code="o">954.035 DURC</subfield>
    <subfield code="p">GF00701</subfield>
    <subfield code="r">2021-10-28 00:00:00</subfield>
    <subfield code="w">2021-10-28</subfield>
    <subfield code="y">GF</subfield>
  </datafield>
  <datafield tag="952" ind1=" " ind2=" ">
    <subfield code="0">0</subfield>
    <subfield code="1">0</subfield>
    <subfield code="2">ddc</subfield>
    <subfield code="4">0</subfield>
    <subfield code="7">0</subfield>
    <subfield code="8">SOC</subfield>
    <subfield code="a">AL</subfield>
    <subfield code="b">AL</subfield>
    <subfield code="d">2013-03-24</subfield>
    <subfield code="l">0</subfield>
    <subfield code="o">954.035 DURC</subfield>
    <subfield code="p">GF00735</subfield>
    <subfield code="r">2021-12-18 00:00:00</subfield>
    <subfield code="w">2021-12-18</subfield>
    <subfield code="y">GF</subfield>
  </datafield>
  <datafield tag="952" ind1=" " ind2=" ">
    <subfield code="0">0</subfield>
    <subfield code="1">0</subfield>
    <subfield code="2">ddc</subfield>
    <subfield code="4">0</subfield>
    <subfield code="7">0</subfield>
    <subfield code="8">HIS</subfield>
    <subfield code="a">AL</subfield>
    <subfield code="b">AL</subfield>
    <subfield code="d">2023-06-26</subfield>
    <subfield code="l">0</subfield>
    <subfield code="o">954.035 DURC</subfield>
    <subfield code="p">D05981</subfield>
    <subfield code="r">2023-07-14 00:00:00</subfield>
    <subfield code="v">350.00</subfield>
    <subfield code="w">2023-07-14</subfield>
    <subfield code="y">DB</subfield>
    <subfield code="z">Donated by V.T. Rajshekar</subfield>
  </datafield>
</record>
